000 00667nam a2200181 a 4500
001 000043486
005 20240304173856.0
008 140319s2013 dr 000 0 spa d
020 _a9789993431466
040 _aDO-SdBNP
_bspa
_cBNPHU
100 1 _aAponte, Sarah
_943498
245 1 0 _aAutores Dominicanos de la Diáspora :
_bapuntes bio-bibliográficos 1902-2012 /
_cSarah Aponte, Franklin Gutiérrez.
260 _aSanto Domingo :
_bBiblioteca Nacional Pedro Henríquez Ureña,
_c2013.
300 _a430 p. ;
_c23 cm.
500 _aIncluye datos biográficos de los autores en las solapas
500 _aIncluye índice
700 1 _aGutiérrez, Franklin,
_d1951-
_9590
999 _c42975
_d42975